[Event "Sydney International Challengers"]
[Site "Parramatta, NSW"]
[Date "2009.04.16"]
[Round "4.5"]
[White "Weller, Tony"]
[Black "Deen-Cowell, Nicholas"]
[Result "1-0"]
[WhiteElo "1987"]
[BlackElo "1408"]
[PlyCount "105"]
[EventDate "2009.04.15"]
[EventType "swiss"]
[EventRounds "9"]
[EventCountry "AUS"]
[SourceDate "2009.04.15"]

1. d4 Nf6 2. e3 c5 3. c3 e6 4. Bd3 d6 5. Nf3 Nc6 6. O-O g6 7. e4 Bg7 8. Bf4 O-O
9. Qd2 Nh5 10. Bh6 e5 11. Bxg7 Kxg7 12. dxc5 dxc5 13. Qe3 Qe7 14. Bb5 Na5 15.
Nbd2 a6 16. Be2 Nf4 17. Rad1 Bd7 18. b3 Nxe2+ 19. Qxe2 Bb5 20. c4 Bd7 21. Nb1
Nc6 22. Nc3 Nd4 23. Nxd4 exd4 24. Nd5 Qd8 25. Rd3 Bc6 26. Nf4 Qg5 27. Qd2 Qe5
28. f3 Rae8 29. Nd5 Bxd5 30. exd5 b5 31. f4 Qe4 32. f5 bxc4 33. f6+ Kh8 34.
bxc4 Rg8 35. Rh3 g5 36. Qd3 Qxd3 37. Rxd3 Re2 38. Ra3 Rc2 39. Rxa6 Rxc4 40. Rd1
h6 41. Ra7 Rf8 42. d6 Rd8 43. Rxf7 Rxd6 44. Re1 Kg8 45. Ree7 Rc1+ 46. Kf2 Rc2+
47. Kg3 Rxa2 48. Rg7+ Kf8 49. Ref7+ Ke8 50. Rb7 Ra3+ 51. Kg4 h5+ 52. Kxh5 Rxf6
53. Rb8# 1-0

[Event "Sydney International Challengers"]
[Site "Parramatta, NSW"]
[Date "2009.04.16"]
[Round "4.6"]
[White "Christensen, Joshua"]
[Black "Barcelona, Eliel"]
[Result "1-0"]
[WhiteElo "1882"]
[BlackElo "1455"]
[PlyCount "71"]
[EventDate "2009.04.15"]
[EventType "swiss"]
[EventRounds "9"]
[EventCountry "AUS"]
[SourceDate "2009.04.15"]

1. d4 Nf6 2. c4 e6 3. a3 b6 4. Nc3 Bb7 5. Bg5 Be7 6. f3 h6 7. Bh4 d6 8. Qc2 g5
9. Bf2 Nc6 10. e4 Qd7 11. b4 e5 12. Nge2 O-O-O 13. d5 Nd4 14. Bxd4 exd4 15.
Nxd4 c5 16. dxc6 Bxc6 17. Ncb5 Kb8 18. Qa4 Bxb5 19. cxb5 Rc8 20. Nc6+ Rxc6 21.
bxc6 Qc7 22. Bc4 d5 23. Ba2 dxe4 24. O-O-O Bd6 25. Qc2 Rc8 26. Rd4 Be5 27. Rc4
b5 28. Rc5 a6 29. Rd1 Bxh2 30. a4 bxa4 31. Qxa4 Qb6 32. Bc4 Ka7 33. Bxa6 Bf4+
34. Kc2 Rxc6 35. Rxc6 Qf2+ 36. Be2+ 1-0

[Event "Sydney International Challengers"]
[Site "Parramatta, NSW"]
[Date "2009.04.16"]
[Round "4.7"]
[White "Hannagan, Peter"]
[Black "Parker, Trent"]
[Result "1-0"]
[WhiteElo "1452"]
[BlackElo "1784"]
[PlyCount "125"]
[EventDate "2009.04.15"]
[EventType "swiss"]
[EventRounds "9"]
[EventCountry "AUS"]
[SourceDate "2009.04.15"]

1. e4 e6 2. d4 d5 3. e5 c5 4. Bb5+ Nc6 5. Bxc6+ bxc6 6. Nf3 cxd4 7. Qxd4 c5 8.
Qg4 Ne7 9. Bg5 Qb6 10. b3 Ba6 11. Bxe7 Kxe7 12. Nbd2 g6 13. Qg5+ Ke8 14. Qf6
Rg8 15. Qf4 Qb4 16. c4 dxc4 17. bxc4 Rd8 18. O-O Be7 19. Rfc1 Qa3 20. h3 g5 21.
Qe4 Rg6 22. Re1 Qa4 23. Rec1 Rb8 24. Nb3 Bb7 25. Qe3 Bxf3 26. Qxf3 Qa6 27. Qe4
Qb7 28. Qe3 Qc6 29. Rab1 g4 30. Na5 Qa8 31. Rxb8+ Qxb8 32. Nc6 Qc7 33. Nxe7
Kxe7 34. h4 h5 35. Rb1 Kf8 36. Rb5 Kg8 37. Qxc5 Qd8 38. Qd6 Qxh4 39. g3 Qg5 40.
Rb7 Rg7 41. c5 Qc1+ 42. Kg2 Qc2 43. Qd4 h4 44. Qd8+ Kh7 45. Qxh4+ Kg6 46. Qxg4+
Kh6 47. Qf4+ Kg6 48. Qe3 Rh7 49. Qf4 a5 50. Qf6+ Kh5 51. Rxf7 Rxf7 52. Qxf7+
Kg5 53. Qg8+ Kh5 54. Qxe6 Qe4+ 55. Kh2 Qe2 56. Qf5+ Kh6 57. Qf4+ Kg6 58. Qf6+
Kh5 59. e6 a4 60. e7 a3 61. Qf7+ Kh6 62. e8=Q Qc2 63. Qh5+ 1-0

[Event "Sydney International Challengers"]
[Site "Parramatta, NSW"]
[Date "2009.04.16"]
[Round "4.8"]
[White "Yuen, Jonathan"]
[Black "Gu, Sean"]
[Result "1-0"]
[WhiteElo "1371"]
[BlackElo "1530"]
[PlyCount "81"]
[EventDate "2009.04.15"]
[EventType "swiss"]
[EventRounds "9"]
[EventCountry "AUS"]
[SourceDate "2009.04.15"]

1. e4 c5 2. Nf3 e6 3. d4 cxd4 4. Nxd4 Nf6 5. Nc3 Nc6 6. Be3 Bb4 7. Bd3 d5 8.
Nxc6 bxc6 9. e5 Nd7 10. Qg4 Bxc3+ 11. bxc3 g6 12. Qg3 Qa5 13. Bd2 Qc7 14. f4
Bb7 15. O-O O-O-O 16. Rab1 Nb6 17. Rb2 h5 18. Rfb1 h4 19. Qf2 h3 20. g3 c5 21.
Bb5 d4 22. a4 Ba8 23. Ba6+ Kd7 24. a5 Nc8 25. Rb7 Bxb7 26. Rxb7 Qxb7 27. Bxb7
Ke7 28. f5 Kd7 29. Qf3 Ne7 30. f6 Nd5 31. Bxd5 exd5 32. Qxd5+ Ke8 33. Qxc5 Rd7
34. Qc8+ Rd8 35. Qc6+ Kf8 36. e6 Re8 37. e7+ Rxe7 38. fxe7+ Kxe7 39. Bg5+ Kf8
40. Bf6 Rh5 41. Qc8# 1-0

[Event "Sydney International Challengers"]
[Site "Parramatta, NSW"]
[Date "2009.04.16"]
[Round "4.10"]
[White "Barker, Ken"]
[Black "McCook, Jake"]
[Result "1/2-1/2"]
[WhiteElo "1468"]
[BlackElo "1188"]
[PlyCount "102"]
[EventDate "2009.04.15"]
[EventType "swiss"]
[EventRounds "9"]
[EventCountry "AUS"]
[SourceDate "2009.04.15"]

1. e4 c6 2. Nf3 d5 3. e5 Bf5 4. g3 e6 5. Bg2 c5 6. d3 Nc6 7. O-O Nge7 8. h3 Qc7
9. Re1 Nc8 10. Bf4 Be7 11. g4 Bg6 12. Bg3 Nb6 13. Nh2 c4 14. d4 O-O 15. c3 Rae8
16. Nd2 Qd7 17. f4 f5 18. g5 Bf7 19. Bf3 Ra8 20. Bh5 g6 21. Bf3 Rfb8 22. h4 Qc7
23. Kf2 Nd7 24. Rh1 b5 25. Nhf1 b4 26. Rb1 Qa5 27. Nxc4 Qxa2 28. Ncd2 Qa6 29.
Ne3 bxc3 30. bxc3 Qa5 31. Ra1 Qxc3 32. Rc1 Qxd4 33. Rxc6 Nc5 34. Ndc4 Qxd1 35.
Rxd1 dxc4 36. Rxc5 Bxc5 37. Bxa8 Rxa8 38. Ke2 Bxe3 39. Kxe3 Be8 40. Ra1 Bb5 41.
Be1 a6 42. Bb4 Kf7 43. Kd4 Rc8 44. Kc3 Ke8 45. Bd6 Kd7 46. Bb4 Kc7 47. Rd1 Rd8
48. Rxd8 (48. Ba5+) 48... Kxd8 49. Kd4 Ke8 50. Kc5 Kf7 51. Kd6 c3 1/2-1/2

[Event "Sydney International Challengers"]
[Site "Parramatta, NSW"]
[Date "2009.04.16"]
[Round "4.11"]
[White "Escalante, Lorenzo"]
[Black "Simmonds, Leteisha"]
[Result "0-1"]
[WhiteElo "1891"]
[BlackElo "1169"]
[PlyCount "130"]
[EventDate "2009.04.15"]
[EventType "swiss"]
[EventRounds "9"]
[EventCountry "AUS"]
[SourceDate "2009.04.15"]

1. e4 e6 2. d4 d5 3. Nc3 Nf6 4. e5 Nfd7 5. Nf3 c5 6. Be3 Qb6 7. Bb5 c4 8. a4 a6
9. a5 Qc7 10. Ba4 Nc6 11. Bxc6 Qxc6 12. O-O Qc7 13. Ne2 Nb8 14. c3 Bd7 15. b4
Be7 16. Qc2 Bb5 17. Ng5 h6 18. Nxe6 fxe6 19. Qg6+ Kd7 20. Qxg7 Nc6 21. Nf4 Rag8
22. Qf7 Nd8 23. Qh5 Kc8 24. Qh3 Bd7 25. Nh5 Rg6 26. Nf4 Rgg8 27. Rfb1 Kb8 28.
g3 Qc8 29. Ng2 Nf7 30. f4 h5 31. Kf2 Ka7 32. Nh4 Kb8 33. Nf3 Ka7 34. Rg1 Kb8
35. Qf1 Nh6 36. h3 Ka7 37. Ke2 Ka8 38. Bf2 Kb8 39. Ra2 Ka8 40. Qb1 Kb8 41. Rb2
Ka7 42. Qa2 Bb5 43. Qb1 Kb8 44. Rg2 Ka7 45. Qg1 Qf8 46. g4 hxg4 47. hxg4 Qxf4
48. Be3 Qe4 49. Qb1 Rxg4 50. Qxe4 Rxe4 51. Nd2 Rg4 52. Rh2 Nf7 53. Rf2 Be8 54.
Rb1 Ng5 55. b5 Bxb5 56. Bxg5 Bxg5 57. Rbf1 Be8 58. Nf3 Bg6 59. Nxg5 Rxg5 60.
Rc1 Bf5 61. Kd2 Rh3 62. Re1 Rgg3 63. Rc1 Rd3+ 64. Ke1 Rxc3 65. Rxc3 Rxc3 0-1

[Event "Sydney International Challengers"]
[Site "Parramatta, NSW"]
[Date "2009.04.16"]
[Round "4.12"]
[White "Griffin, Hamish"]
[Black "Lin, Mark"]
[Result "1-0"]
[WhiteElo "1755"]
[BlackElo "657"]
[PlyCount "119"]
[EventDate "2009.04.15"]
[EventType "swiss"]
[EventRounds "9"]
[EventCountry "AUS"]
[SourceDate "2009.04.15"]

1. e4 c5 2. Nf3 d6 3. d4 cxd4 4. Nxd4 Nf6 5. Nc3 g6 6. Be3 Bg7 7. f3 Bd7 8. Bc4
Nc6 9. a3 O-O 10. Qd2 a6 11. O-O Rc8 12. Ba2 Ne5 13. Nce2 Nc4 14. Bxc4 Rxc4 15.
c3 Ne8 16. Rad1 Rc8 17. Bf2 Nc7 18. Nc2 Bb5 19. Rfe1 Ne6 20. Ned4 Nxd4 21. Bxd4
Rc4 22. Bxg7 Kxg7 23. Ne3 Qb6 24. Kh1 Rc7 25. Nd5 Qc5 26. Nxc7 Qxc7 27. Qd4+ f6
28. f4 Bc6 29. e5 dxe5 30. fxe5 Rf7 31. Re3 Rf8 32. exf6+ exf6 33. Rde1 Rf7 34.
Qb4 Qc8 35. Re7 Qh3 36. Rxf7+ Kxf7 37. Qe7+ Kg8 38. Qe6+ Qxe6 39. Rxe6 Kf7 40.
Re3 g5 41. Kg1 Kg6 42. Kf2 Kf5 43. g3 h5 44. Ke2 Kg4 45. Kd2 f5 46. Kd3 f4 47.
gxf4 gxf4 48. Re2 f3 49. Rf2 Kf4 50. Kd4 h4 51. c4 h3 52. b3 Be4 53. a4 Bc6 54.
Ra2 Be4 55. b4 Kf5 56. b5 a5 57. c5 Bc6 58. bxc6 bxc6 59. Ke3 f2 60. Kxf2 1-0

[Event "Sydney International Challengers"]
[Site "Parramatta, NSW"]
[Date "2009.04.16"]
[Round "4.14"]
[White "Setiabudi, Megan"]
[Black "Ren, Jonathan"]
[Result "1-0"]
[WhiteElo "1382"]
[BlackElo "1439"]
[PlyCount "107"]
[EventDate "2009.04.15"]
[EventType "swiss"]
[EventRounds "9"]
[EventCountry "AUS"]
[SourceDate "2009.04.15"]

1. e4 c5 2. Nc3 e6 3. f4 d5 4. Bb5+ Nc6 5. Bxc6+ bxc6 6. d3 Ba6 7. Nf3 Bd6 8.
Ne2 Ne7 9. O-O O-O 10. Qe1 Ng6 11. f5 exf5 12. exf5 Ne5 13. Bf4 Nxf3+ 14. Rxf3
Re8 15. Qf2 c4 16. d4 Qe7 17. Bxd6 Qxd6 18. f6 g6 19. Nc3 Bc8 20. Qh4 Qf8 21.
Qg5 h5 22. Rg3 Kh7 23. Qf4 Be6 24. Rf1 Qh6 25. Rg5 Rac8 26. Qg3 Bg4 27. Qf4 Bf5
28. h3 Bxc2 29. Qg3 Bd3 30. Rf4 Re3 31. Qxe3 Qxg5 32. h4 Qh6 33. Qe7 Kg8 34.
Rf2 Qf8 35. Qxa7 Qe8 36. Qe7 Qxe7 37. fxe7 Re8 38. Rf6 Rxe7 39. Rxc6 Rb7 40. a4
Kf8 41. a5 Ke7 42. Nxd5+ Kd7 43. Rf6 Kc8 44. a6 Ra7 45. Nc3 Bf5 46. Nb5 Rd7 47.
Rc6+ Kd8 48. a7 Rxa7 49. Nxa7 Be6 50. Nb5 Kd7 51. Rc7+ Kd8 52. Rc5 Bf5 53. Rxc4
Bd3 54. Rc5 1-0

[Event "Sydney International Challengers"]
[Site "Parramatta, NSW"]
[Date "2009.04.16"]
[Round "4.17"]
[White "Glissan, Paul"]
[Black "Banovic, Milko"]
[Result "1-0"]
[WhiteElo "1947"]
[BlackElo "1332"]
[PlyCount "65"]
[EventDate "2009.04.15"]
[EventType "swiss"]
[EventRounds "9"]
[EventCountry "AUS"]
[SourceDate "2009.04.15"]

1. e4 c5 2. Nc3 d6 3. g3 e6 4. Bg2 Nc6 5. d3 a6 6. a4 Nf6 7. f4 Qc7 8. Nh3 b6
9. O-O Bb7 10. g4 Be7 11. g5 Nd7 12. f5 Nd4 13. Ne2 Nxe2+ 14. Qxe2 O-O-O 15.
fxe6 fxe6 16. Nf4 Nf8 17. Bh3 Kb8 18. Qg4 Bc8 19. Qg3 Re8 20. Bd2 Qd8 21. Nh5
Rg8 22. Rf7 g6 23. Ng7 Bd7 24. a5 b5 25. b4 Qc7 26. bxc5 Rxg7 27. Rxg7 Qxc5+
28. Qf2 Qxf2+ 29. Kxf2 Bc6 30. Bg2 h6 31. h4 h5 32. Bb4 Nd7 33. Rxe7 1-0

[Event "Sydney International Challengers"]
[Site "Parramatta, NSW"]
[Date "2009.04.16"]
[Round "4.18"]
[White "Canfell, Mike"]
[Black "Roche, Stephen"]
[Result "1-0"]
[WhiteElo "1932"]
[BlackElo "1124"]
[PlyCount "47"]
[EventDate "2009.04.15"]
[EventType "swiss"]
[EventRounds "9"]
[EventCountry "AUS"]
[SourceDate "2009.04.15"]

1. e4 e5 2. Nf3 Nc6 3. Bb5 Bc5 4. O-O d6 5. c3 Nf6 6. d4 exd4 7. cxd4 Bb4 8.
Qa4 Bd7 9. Bxc6 Bxc6 10. Qxb4 Bxe4 11. Nc3 Bxf3 12. Re1+ Be4 13. Nxe4 O-O 14.
Bg5 h6 15. Nxf6+ gxf6 16. Bxh6 Kh7 17. Bxf8 Qxf8 18. Re3 Qd8 19. Qd2 Qd7 20.
Rh3+ Kg6 21. Qh6+ Kf5 22. Re1 Qc6 23. Rh5+ Kg4 24. h3# 1-0

[Event "Sydney International Challengers"]
[Site "Parramatta, NSW"]
[Date "2009.04.16"]
[Round "4.20"]
[White "Nakauchi, Kenji"]
[Black "Eustace, Sophie"]
[Result "0-1"]
[WhiteElo "927"]
[BlackElo "1419"]
[PlyCount "104"]
[EventDate "2009.04.15"]
[EventType "swiss"]
[EventRounds "9"]
[EventCountry "AUS"]
[SourceDate "2009.04.15"]

1. d4 d5 2. c4 e6 3. Nc3 c6 4. e3 Nf6 5. Bd3 dxc4 6. Bxc4 b5 7. Bd3 a6 8. Nf3
Nbd7 9. O-O Be7 10. Bd2 O-O 11. Qc2 Bb7 12. a3 c5 13. Ne4 Rc8 14. dxc5 Bxe4 15.
Bxe4 Nxc5 16. Bxh7+ Nxh7 17. Rfd1 Qb6 18. e4 Na4 19. Qb1 Rfd8 20. b3 Nc3 21.
Bxc3 Rxc3 22. Qb2 Rdc8 23. Rac1 Rxc1 24. Rxc1 Rxc1+ 25. Qxc1 Qc5 26. Qxc5 Bxc5
27. b4 Bb6 28. Ne5 Nf6 29. Kf1 Nxe4 30. f3 Nd2+ 31. Ke2 Nb1 32. Nd7 Ba7 33. Nc5
Bxc5 34. bxc5 Kf8 35. Kd3 Nxa3 36. g4 Nc4 37. h4 Ne5+ 38. Ke4 Nc6 39. h5 b4 40.
g5 a5 41. h6 gxh6 42. gxh6 Kg8 43. f4 Kh7 44. f5 Kxh6 45. fxe6 fxe6 46. Kd3 b3
47. Kc3 a4 48. Kb2 e5 49. Kc1 a3 50. Kb1 e4 51. Kc1 e3 52. Kd1 a2 0-1

[Event "Sydney International Challengers"]
[Site "Parramatta, NSW"]
[Date "2009.04.16"]
[Round "4.23"]
[White "Ivanov, Nikola"]
[Black "Su, Alexander"]
[Result "1-0"]
[WhiteElo "1789"]
[BlackElo "483"]
[PlyCount "121"]
[EventDate "2009.04.15"]
[EventType "swiss"]
[EventRounds "9"]
[EventCountry "AUS"]
[SourceDate "2009.04.15"]

1. e4 e6 2. Nf3 d5 3. e5 c5 4. Be2 Nc6 5. O-O f6 6. Bb5 Bd7 7. Bxc6 Bxc6 8.
exf6 Nxf6 9. Re1 Bd7 10. d3 Bd6 11. Ng5 e5 12. Nf3 Bg4 13. Bg5 O-O 14. h3 Bh5
15. g4 Bg6 16. Nxe5 Bxe5 17. Rxe5 h6 18. Bh4 Qd6 19. Bg3 Qb6 20. b3 Rae8 21.
Qd2 Rxe5 22. Bxe5 Qe6 23. Bg3 Re8 24. Nc3 a6 25. Kf1 d4 26. Na4 Nd7 27. Re1
Qxe1+ 28. Qxe1 Rxe1+ 29. Kxe1 b5 30. Nb2 Kf7 31. a4 Ke6 32. h4 Bh7 33. f4 Nf6
34. axb5 axb5 35. g5 Nh5 36. Kf2 Kf5 37. Kf3 hxg5 38. hxg5 Bg8 39. Nd1 Bd5+ 40.
Ke2 Nxg3+ 41. Kd2 Kxf4 42. c4 Bf3 43. cxb5 Bb7 44. Nb2 Kf5 45. Na4 c4 46. bxc4
Ke5 47. Nc5 Bc8 48. b6 Kd6 49. b7 Kxc5 50. bxc8=Q+ Kb6 51. Qb8+ Kc6 52. Qxg3 g6
53. Qe5 Kd7 54. Qxd4+ Ke6 55. Qf6+ Kd7 56. c5 Ke8 57. Qd6 Kf7 58. c6 Kg7 59.
Qe7+ Kg8 60. c7 Kh8 61. c8=R# 1-0

[Event "Sydney International Challengers"]
[Site "Parramatta, NSW"]
[Date "2009.04.16"]
[Round "4.24"]
[White "Talisayon, Samuel"]
[Black "Tracey, Michael"]
[Result "0-1"]
[WhiteElo "1192"]
[BlackElo "1418"]
[PlyCount "74"]
[EventDate "2009.04.15"]
[EventType "swiss"]
[EventRounds "9"]
[EventCountry "AUS"]
[SourceDate "2009.04.15"]

1. e4 d6 2. h3 g6 3. Nf3 Bg7 4. d4 Nf6 5. Nc3 O-O 6. Bc4 Nbd7 7. g4 e5 8. d5 a6
9. a4 b6 10. Ng5 h6 11. Ne6 fxe6 12. dxe6 Kh7 13. exd7 Bxd7 14. g5 Nh5 15. gxh6
Bxh6 16. Bxh6 Kxh6 17. Qd2+ Kh7 18. O-O-O Qf6 19. Rdf1 Nf4 20. Nd5 Nxd5 21.
Bxd5 Rab8 22. a5 b5 23. Kb1 b4 24. f3 Be6 25. h4 Bxd5 26. Qxd5 Qf7 27. Qc6 Rb5
28. Qxa6 Rbb8 29. Rhg1 Ra8 30. Qc6 Rxa5 31. b3 Rfa8 32. Kc1 R8a7 33. Kd2 Rc5
34. h5 Qf4+ 35. Ke2 Rxc6 36. hxg6+ Kg7 37. Rc1 Ra2 0-1

[Event "Sydney International Challengers"]
[Site "Parramatta, NSW"]
[Date "2009.04.16"]
[Round "4.25"]
[White "Derwent, Ethan"]
[Black "Mithran, Mishael"]
[Result "1-0"]
[WhiteElo "1123"]
[BlackElo "624"]
[PlyCount "117"]
[EventDate "2009.04.15"]
[EventType "swiss"]
[EventRounds "9"]
[EventCountry "AUS"]
[SourceDate "2009.04.15"]

1. d4 d5 2. c4 Nf6 3. cxd5 Nxd5 4. e4 Nb4 5. Qa4+ N4c6 6. d5 Bg4 7. f3 Bd7 8.
dxc6 Bxc6 9. Qd1 Qxd1+ 10. Kxd1 Na6 11. Bxa6 bxa6 12. Ne2 Rd8+ 13. Ke1 e6 14.
Nbc3 Bb4 15. Bd2 O-O 16. a3 Bxc3 17. Bxc3 Rd3 18. Rc1 Rfd8 19. Bxg7 Kxg7 20.
Kf2 Bb5 21. Kg3 Rd2 22. Nf4 Rg8 23. Rxc7 Kf6+ 24. Kh4 Be8 25. Rg1 e5 26. Nd5+
Ke6 27. Rxa7 Rgxg2 28. Rxa6+ Kd7 29. Nf6+ Kc7 30. Nxe8+ Kb7 31. Rxg2 Rxg2 32.
Rf6 Ka7 33. Rxf7+ Kb6 34. Kh3 Rxb2 35. Rxh7 Rb3 36. Rh6+ Ka7 37. Rf6 Rxa3 38.
Kg4 Rb3 39. h4 Rb8 40. Rf8 Kb6 41. h5 Rb7 42. Rf6+ Kc5 43. h6 Ra7 44. Ng7 Ra8
45. h7 Kd4 46. Rf8 Rxf8 47. Ne6+ Kc4 48. Nxf8 Kd3 49. h8=Q Kd4 50. Ne6+ Kc4 51.
Qxe5 Kd3 52. Qd4+ Kc2 53. Qe3 Kd1 54. Qf2 Kc1 55. Kf4 Kb1 56. Ke3 Kc1 57. Kd3
Kb1 58. Kc3 Ka1 59. Qb2# 1-0

[Event "Sydney International Challengers"]
[Site "Parramatta, NSW"]
[Date "2009.04.17"]
[Round "5.1"]
[White "Erkan, Mustafa"]
[Black "Savige, Colin"]
[Result "1/2-1/2"]
[WhiteElo "1676"]
[BlackElo "1999"]
[PlyCount "95"]
[EventDate "2009.04.15"]
[EventType "swiss"]
[EventRounds "9"]
[EventCountry "AUS"]
[SourceDate "2009.04.15"]

1. d4 Nf6 2. Nf3 e6 3. Bg5 Be7 4. e3 b6 5. Nbd2 Bb7 6. Bd3 c5 7. c3 d6 8. O-O
Nbd7 9. a4 O-O 10. a5 Qc7 11. a6 Bc6 12. b4 Rfe8 13. b5 Bxf3 14. Qxf3 Nf8 15.
Bf4 Rad8 16. Rfc1 Qc8 17. e4 Rd7 18. h4 Red8 19. g4 e5 20. Be3 Rc7 21. g5 cxd4
22. gxf6 dxe3 23. fxe7 exd2 24. exf8=Q+ Kxf8 25. Rd1 Rxc3 26. Rxd2 Rc1+ 27.
Rxc1 Qxc1+ 28. Rd1 Qc5 29. Qe2 d5 30. exd5 Rxd5 31. Bc4 Rd4 32. Rxd4 exd4 33.
Bd3 Qc1+ 34. Kg2 g6 35. Qe5 Qc3 36. Qe4 Kg7 37. Qe5+ f6 38. Qe7+ Kg8 39. Qe6+
Kg7 40. Qc4 Qa1 41. Qc7+ Kh6 42. Qxa7 Qd1 43. Qxb6 Qxd3 44. Qxf6 Qxb5 45. a7
Qb7+ 46. Kg3 Qxa7 47. Qf8+ Kh5 48. Qf3+ 1/2-1/2

[Event "Sydney International Challengers"]
[Site "Parramatta, NSW"]
[Date "2009.04.17"]
[Round "5.2"]
[White "Baterowicz, Mark"]
[Black "Harris, Bruce"]
[Result "1-0"]
[WhiteElo "1732"]
[BlackElo "1411"]
[PlyCount "51"]
[EventDate "2009.04.15"]
[EventType "swiss"]
[EventRounds "9"]
[EventCountry "AUS"]
[SourceDate "2009.04.15"]

1. d4 Nf6 2. Nf3 d5 3. Bf4 b6 4. e3 Bb7 5. Bd3 e6 6. Nbd2 c5 7. c3 Be7 8. Rc1
c4 9. Bb1 O-O 10. h4 Nbd7 11. Qc2 Ne4 12. Ng5 Ndf6 13. f3 Nxd2 14. Kxd2 g6 15.
h5 Re8 16. hxg6 fxg6 17. Nxh7 Ne4+ 18. fxe4 dxe4 19. Qd1 Kf7 20. Qg4 Rg8 21.
Ng5+ Bxg5 22. Bxg5 Qd5 23. Rcf1+ Ke8 24. Rh7 Bc6 25. Re7+ Kd8 26. Rg7+ 1-0

[Event "Sydney International Challengers"]
[Site "Parramatta, NSW"]
[Date "2009.04.17"]
[Round "5.3"]
[White "Miranda, Adrian"]
[Black "Weller, Tony"]
[Result "1/2-1/2"]
[WhiteElo "1469"]
[BlackElo "1987"]
[PlyCount "124"]
[EventDate "2009.04.15"]
[EventType "swiss"]
[EventRounds "9"]
[EventCountry "AUS"]
[SourceDate "2009.04.15"]

1. e4 c5 2. Nf3 e6 3. d4 cxd4 4. Nxd4 Bc5 5. Nb3 Bb6 6. c4 Ne7 7. Nc3 a6 8. Be2
O-O 9. O-O f5 10. Qc2 Nbc6 11. c5 Bc7 12. Rd1 b5 13. a3 fxe4 14. Nxe4 Nf5 15.
Ng5 Qf6 16. g4 h6 17. Ne4 Qh4 18. f4 Nfe7 19. Nd6 Bxd6 20. cxd6 Nd5 21. Qe4 Bb7
22. Nc5 Nf6 23. Qg2 Bc8 24. Nxe6 dxe6 25. Qxc6 Bd7 26. Qg2 Rac8 27. Be3 Bc6 28.
Qg3 Qxg3+ 29. hxg3 Bd5 30. b4 Rc2 31. Rd2 Rfc8 32. Rxc2 Rxc2 33. Bf1 Rc6 34.
Bc5 Rc8 35. a4 Bc6 36. axb5 axb5 37. Ra7 Nd7 38. Rc7 Rxc7 39. dxc7 Bb7 40. Ba7
Kf7 41. Bxb5 Ke7 42. Bc6 Bc8 43. b5 Kd6 44. Bb8 Kc5 45. Kg2 Nf6 46. Kf3 Nd5 47.
Be8 Bb7 48. Ke2 Nc3+ 49. Kd3 Nxb5 50. Bd7 Nd6 51. Bxe6 Nc8 52. f5 Kd6 53. Kd4
Ke7 54. Ke5 Ba6 55. Kd5 Bb7+ 56. Kc5 Kf6 57. Bxc8 Bxc8 58. Kd6 Kg5 59. Ke7 Kxg4
60. Kd8 Bxf5 61. c8=Q Bxc8 62. Kxc8 h5 1/2-1/2

[Event "Sydney International Challengers"]
[Site "Parramatta, NSW"]
[Date "2009.04.17"]
[Round "5.4"]
[White "Christensen, Joshua"]
[Black "Hannagan, Peter"]
[Result "0-1"]
[WhiteElo "1882"]
[BlackElo "1452"]
[PlyCount "64"]
[EventDate "2009.04.15"]
[EventType "swiss"]
[EventRounds "9"]
[EventCountry "AUS"]
[SourceDate "2009.04.15"]

1. d4 d5 2. c4 dxc4 3. e3 b5 4. a4 c6 5. axb5 Qb6 6. Bxc4 cxb5 7. Bxf7+ Kd8 8.
Qf3 Qc6 9. Qxc6 Nxc6 10. Bd5 Bb7 11. Ne2 Nf6 12. Bf3 e6 13. O-O Kc7 14. Nf4 Nd8
15. Bxb7 Kxb7 16. Bd2 Bd6 17. Nd3 Nc6 18. Nc3 a6 19. f3 Rhd8 20. Ne4 Nxe4 21.
fxe4 Rd7 22. Rac1 Kb6 23. Rc2 a5 24. d5 exd5 25. exd5 Ne5 26. Nxe5 Bxe5 27. e4
Bd4+ 28. Kh1 Rc7 29. Rxc7 Kxc7 30. Rc1+ Kd7 31. Bc3 Bxc3 32. Rxc3 Rc8 0-1

[Event "Sydney International Challengers"]
[Site "Parramatta, NSW"]
[Date "2009.04.17"]
[Round "5.5"]
[White "Feng, Thomas"]
[Black "Yuen, Jonathan"]
[Result "1-0"]
[WhiteElo "1638"]
[BlackElo "1371"]
[PlyCount "123"]
[EventDate "2009.04.15"]
[EventType "swiss"]
[EventRounds "9"]
[EventCountry "AUS"]
[SourceDate "2009.04.15"]

1. d4 g6 2. c4 Bg7 3. Nc3 e6 4. e4 d6 5. g3 b6 6. Bg2 Bb7 7. Nge2 Ne7 8. O-O
Nd7 9. f4 a6 10. Be3 c5 11. dxc5 Nxc5 12. b4 Nd7 13. Qxd6 Rc8 14. Rad1 Rxc4 15.
Bxb6 Nc8 16. Bxd8 Nxd6 17. Rxd6 Kxd8 18. Rfd1 Bc8 19. e5 Bf8 20. R6d4 Rxb4 21.
Rxb4 Bxb4 22. Ne4 Ke7 23. Nd4 Bb7 24. Rb1 a5 25. Rc1 Bxe4 26. Bxe4 Bc5 27. Rd1
Rd8 28. Kg2 Nb8 29. Nxe6 fxe6 30. Rc1 Bb4 31. Rc7+ Rd7 32. Rc8 Na6 33. Rh8 Nc5
34. Rxh7+ Kd8 35. Rh8+ Kc7 36. Bxg6 Rd2+ 37. Kf3 Rxa2 38. h4 Rh2 39. h5 a4 40.
h6 a3 41. h7 Kb7 42. Bb1 Na4 43. Be4+ Kc7 44. Ra8 Nc3 45. h8=Q Rxh8 46. Rxh8 a2
47. Rh1 Nb1 48. Rxb1 axb1=Q 49. Bxb1 Kd7 50. g4 Ke7 51. f5 exf5 52. gxf5 Bd2
53. Ke4 Bh6 54. f6+ Kd7 55. Kf5 Bf8 56. Ba2 Kd8 57. e6 Bd6 58. Kg6 Ke8 59. Kg7
Be5 60. Bc4 Bd4 61. Bb5+ Kd8 62. e7+ 1-0

[Event "Sydney International Challengers"]
[Site "Parramatta, NSW"]
[Date "2009.04.17"]
[Round "5.8"]
[White "McCook, Jake"]
[Black "Griffin, Hamish"]
[Result "1/2-1/2"]
[WhiteElo "1188"]
[BlackElo "1755"]
[PlyCount "65"]
[EventDate "2009.04.15"]
[EventType "swiss"]
[EventRounds "9"]
[EventCountry "AUS"]
[SourceDate "2009.04.15"]

1. e4 c6 2. d4 d5 3. e5 Bf5 4. g4 Bd7 5. f4 e6 6. c3 Qh4+ 7. Kd2 c5 8. Be2 cxd4
9. cxd4 Nc6 10. Ke3 Qd8 11. Nf3 Rc8 12. a3 h5 13. g5 Nge7 14. Kf2 Nf5 15. Be3
Qb6 16. b4 a6 17. Nbd2 Nxe3 18. Kxe3 Nxd4 19. Nxd4 Rc3+ 20. Bd3 Bb5 21. N2f3
Rxd3+ 22. Qxd3 Bxd3 23. Kxd3 Be7 24. Rac1 Kd7 25. h4 f6 26. gxf6 gxf6 27. Rc3
Rg8 28. Rhc1 Rg3 29. Rc8 fxe5 30. Ke2 Rxf3 31. Nxf3 e4 32. Ne5+ Kd6 33. Nf7+
1/2-1/2

[Event "Sydney International Challengers"]
[Site "Parramatta, NSW"]
[Date "2009.04.17"]
[Round "5.9"]
[White "Simmonds, Leteisha"]
[Black "Barker, Ken"]
[Result "0-1"]
[WhiteElo "1169"]
[BlackElo "1468"]
[PlyCount "130"]
[EventDate "2009.04.15"]
[EventType "swiss"]
[EventRounds "9"]
[EventCountry "AUS"]
[SourceDate "2009.04.15"]

1. e4 c5 2. Nf3 d6 3. d4 cxd4 4. c3 dxc3 5. Nxc3 a6 6. Bc4 e6 7. Be3 Nf6 8. a3
Be7 9. h3 O-O 10. O-O b5 11. Bb3 Nbd7 12. Bc2 Qc7 13. Rc1 Nb6 14. Bxb6 Qxb6 15.
Qe2 Bb7 16. Rfd1 Rfd8 17. Bb1 d5 18. exd5 Nxd5 19. Nxd5 Bxd5 20. Nd2 Bf6 21.
Rc2 Qb7 22. f3 Rac8 23. Rxc8 Rxc8 24. Ne4 Be7 25. Qd2 f5 26. Nc3 Bc4 27. Bd3
Bb3 28. Rc1 Rd8 29. Qe2 Qb6+ 30. Kh1 Bf6 31. Bc2 Bc4 32. Qe1 Bxc3 33. Qxc3 Qf2
34. Qe1 Rd2 35. Qxf2 Rxf2 36. Kg1 Rd2 37. b3 Bd5 38. Kf1 Kf7 39. Kg1 Kf6 40. b4
Kg5 41. Kh2 Bxf3 42. Kg3 Bd5 43. h4+ Kf6 44. Kh3 Bxg2+ 45. Kg3 Bd5 46. Kh3 e5
47. Bb1 e4 48. Rf1 g6 49. Kg3 e3 50. h5 e2 51. Re1 Bc4 52. Kf2 Rd1 53. hxg6
Kxg6 54. Bc2 Rxe1 55. Kxe1 h5 56. Bd1 exd1=Q+ 57. Kxd1 Kg5 58. Ke1 Kg4 59. Kf2
h4 60. Kg1 Kg3 61. a4 bxa4 62. b5 axb5 63. Kh1 a3 64. Kg1 a2 65. Kh1 a1=R# 0-1